000 00578nam a2200253Ia 4500
005 20260123164112.0
008 008 260114s9999 xx 000 0 eng d
020 _a9789390669745
037 _aEBOOK
040 _aCRL
040 _beng
040 _cCRL
041 _2eng
041 _aeng
084 _qCRL
100 _aSRIRENGAN, K.
_91105933
245 0 _aUNDERSTANDING UNIX
260 _bPHI
260 _c2013
856 _uhttps://elibrary.phindia.com/ebooks/reader/9789390669745du
942 _cEBOOK
999 _c1671056
_d1671056